| Поле | Название | Значение |
| |
Тип записи |
a |
| |
Библиографический уровень |
m |
| 001 |
Контрольный номер |
f0df5b1e6288460caed53ed2f9cc9c08 |
| 005 |
Дата корректировки |
20140621115537.2 |
| 200 |
Заглавие и сведения об ответственности |
1_ |
| a |
Заглавие |
Кадровый потенциал - основа эффективной деятельности организаций потребительской кооперации (опыт организаций Краснодарского крайпотребсоюза) |
| f |
Первые сведения об ответственности |
Центросоюз РФ.Межвузовский учен.совет.Белгород.ун-т потреб.кооп. |
| 210 |
Выходные данные |
1_ |
| a |
Место издания |
Белгород |
| c |
Издательство |
Кооп.образование |
| d |
Дата издания |
2001 |
| 215 |
Физическое описание |
__ |
| a |
Объем |
32 с. |
| 610 |
Ключевые слова |
0_ |
| a |
Ключевые слова |
райпо |
| 610 |
Ключевые слова |
0_ |
| a |
Ключевые слова |
потребительская кооперация |
| 610 |
Ключевые слова |
0_ |
| a |
Ключевые слова |
кадры |
| 610 |
Ключевые слова |
0_ |
| a |
Ключевые слова |
кадровая политика |
| 610 |
Ключевые слова |
0_ |
| a |
Ключевые слова |
Успенское райпо |
| 610 |
Ключевые слова |
0_ |
| a |
Ключевые слова |
Отрадненское райпо |
| 610 |
Ключевые слова |
0_ |
| a |
Ключевые слова |
Гулькевичский райпотребсоюз |
| 686 |
Индексы других классификаций |
__ |
| a |
Классификационный индекс |
65.9(2)421.8-64 |
| 2 |
Код системы |
rubbk |
| 700 |
Автор |
_1 |
| a |
Фамилия |
Тарасова Татьяна Федоровна |
| 701 |
Альтернативная интеллектуальная ответственность |
_1 |
| a |
Фамилия |
Макринова Елена Игоревна |
| 801 |
Источник записи |
_0 |
| a |
Страна |
RU |
| b |
Организация |
РУК |
| c |
Дата составления |
20030424 |
| g |
Правила каталогизации |
PSBO |
| 801 |
Источник записи |
_1 |
| a |
Страна |
RU |
| b |
Организация |
РУК |
| c |
Дата составления |
20030424 |
| g |
Правила каталогизации |
PSBO |
| 852 |
Данные о местонахождении |
__ |
| i |
Авторский знак |
Т19 |
| j |
Шифр хранения |
ББК 65.9(2)421.8 |
| 901 |
Тип документа |
__ |
| t |
Тип документа |
m |
| 938 |
Служебная информация |
__ |
| a |
Название организации |
Головной вуз |
| b |
Имя БД |
BOOK |
| c |
Название АИБС |
АИБС ИРБИС |